Normal view
MARC view
- Salīm Manṣūr K̲hālid
Entry Personal Name
001 - CONTROL NUMBER
- control field: 7151
003 - CONTROL NUMBER IDENTIFIER
- control field: NUST
005 - DATE AND TIME OF LATEST TRANSACTION
- control field: 20171211161757.0
008 - FIXED-LENGTH DATA ELEMENTS
- fixed length control field: 171211|| aca||aabn | a|a d
040 ## - CATALOGING SOURCE
- Original cataloging agency: NUST
- Transcribing agency: NUST
100 ## - HEADING--PERSONAL NAME
- Personal name: Salīm Manṣūr K̲hālid
670 ## - SOURCE DATA FOUND
- Source citation: Work cat.: (NUST): ’Azīz, Qut̤buddīn. 7148, K̲hūn aur ānsūoṉ kā daryā :, 2017.
